000 02584nam0a2200373 4500
001 RU\NLR\BIBL_A\022645736
005 20260120110729.0
010 _a978-5-7367-1807-8
_920
021 _aRU
_bКН-П-25-053119
_9КН-П-25-5121
035 _a(NLR Aleph) 022645736
090 _a13532972
_c13532972
100 _a20251016d2024 k y0rusy50 ca
101 0 _arus
102 _aRU
105 _aa z 000yy
181 0 _ai3
_baxxe
182 0 _an
200 1 _aПовышение конкурентоспособности аграрных предприятий в условиях импортозамещения
_eаналитический обзор
_fВойтюк В. А., Кондратьева О. В., Слинько О. В.
_gМинистерство сельского хозяйства Российской Федерации, Федеральное государственное бюджетное научное учреждение "Российский научно-исследовательский институт информации и технико-экономических исследований по инженерно-техническому обеспечению агропромышленного комплекса" (ФГБНУ "Росинформагротех")
203 _aТекст
_bвизуальный
_cнепосредственный
210 _aМосква
_cФГБНУ "Росинформагротех"
_d2024
215 _a115 с.
_cсхемы
_d20
300 _aАвт. указаны на обороте тит. с.
320 _aБиблиогр.: с. 103-113 (106 назв.)
606 1 _aСельскохозяйственные предприятия
_xКонкурентоспособность
_yРоссийская Федерация
_92549028
_3RU\NLR\AUTH\661508491
686 1 _aУ32(2)-13(2Р)
700 1 _aВойтюк
_bВ. А.
_gВячеслав Александрович
701 1 _aКондратьева
_bО. В.
_gОльга Вячеславовна
701 1 _aСлинько
_bО. В.
_gОлеся Викторовна
712 0 2 _4475
_aРоссийский НИИ информации и технико-экономических исследований по инженерно-техническому обеспечению агропромышленного комплекса
_cпос. Правдинский, Московская обл.
_9327418
_3RU\NLR\AUTH\8826104
942 _cBOOK
980 _aNB